|
|
|
|
| LEADER |
00914nam a2200241 a 4500 |
| 001 |
950959 |
| 008 |
091123s1984 nyu b i001 0 eng d |
| 010 |
|
|
|a 84005775
|
| 020 |
|
|
|a 0195204522
|
| 040 |
|
|
|a DLC
|c DLC
|d DLC
|d OCoLC
|
| 082 |
0 |
0 |
|a 338.9
|2 19
|
| 245 |
0 |
0 |
|a Pioneers in development /
|c edited by Gerald M. Meier and Dudley Seers.
|
| 260 |
|
|
|a New York :
|b Published for the World Bank, Oxford University Press,
|c 1984.
|
| 300 |
|
|
|a x, 372 p. ;
|c 26 cm.
|
| 504 |
|
|
|a Includes bibliographical references and index.
|
| 541 |
1 |
|
|e 00002629
|
| 650 |
|
0 |
|a Economic development.
|
| 700 |
1 |
|
|a Bauer, P. T.
|q (Péter Tamás)
|
| 700 |
1 |
|
|a Meier, Gerald M.
|
| 700 |
1 |
|
|a Seers, Dudley.
|
| 852 |
4 |
|
|a Ayesha Abed Library
|j General Shelf
|
| 999 |
|
|
|c 5938
|d 5938
|
| 952 |
|
|
|0 0
|1 0
|2 ddc
|4 0
|6 338_900000000000000_PIO_1984
|7 0
|9 5922
|a BRACUL
|b BRACUL
|c GEN
|d 2009-12-06
|g 2820.00
|l 0
|o 338.9 PIO
|p 3010002629
|r 2009-12-06
|t 1
|w 2009-12-06
|y BK
|